Năng lượng thế kỉ 20

Đã lưu trong:
书目详细资料
主要作者: Đinh Ngọc Lân
格式: 图书
语言:Undetermined
出版: Hà Nội KHKT 1977
主题:
标签: 添加标签
没有标签, 成为第一个标记此记录!
Thư viện lưu trữ: Trung tâm Học liệu Trường Đại học Cần Thơ
LEADER 00502nam a2200181Ia 4500
001 CTU_5399
008 210402s9999 xx 000 0 und d
082 |a 333.97 
082 |b L121 
100 |a Đinh Ngọc Lân 
245 0 |a Năng lượng thế kỉ 20 
245 0 |c Đinh Ngọc Lân 
260 |a Hà Nội 
260 |b KHKT 
260 |c 1977 
650 |a power resources 
904 |i Nguyễn Quang Điền, 960715 
980 |a Trung tâm Học liệu Trường Đại học Cần Thơ